000 00643cam a2200181 a 4500
001 608840
005 20250526133106.0
008 930630s1991 gh b 001 0 eng
020 _a9964721072
050 0 0 _aDT512.3.N57
_bL54 1991
245 0 4 _aThe Life and work of Kwame Nkrumah :
_bpapers of a symposium organized by the Institute of African Studies, University of Ghana, Legon /
_cedited by Kwame Arhin.
260 _aAccra :
_bSedco,
_c1991.
300 _axiv, 377 p. ;
_c24 cm.
650 0 _aPresidents
_zGhana
_xBiography.
700 1 _aArhin, Kwame.
710 2 _aUniversity of Ghana.
_bInstitute of African Studies.
942 _2lcc
_cBK
_n0
999 _c5950
_d5950